000 00904nam a2200217 i 4500
001 36923
003 ES-MaACL
005 20250921063024.0
007 t|
008 030219s1965 sp ||||1| spa d
100 1 _aBouza-Brey Trillo, Fermín,
_d1901-1973
_931103
245 1 3 _aEl Señorio de Villagarcía desde su fundación hasta su marquesado /
_cedición y estudio por Fermín Bouza-Brey Trillo.
260 _aSantiago de Compostela :
_bConsejo Superior de Investigaciones Científicas, Instituto Padre Sarmiento de Estudios Gallegos,
_c1965.
300 _a171 p., 1 lám. ;
_c25 cm.
490 1 _aCuadernos de estudios gallegos ;
_v15
610 2 7 _aSeñorio de Villagarcía.
_96570
710 0 0 _aInstituto de Estudios Gallegos "Padre Sarmiento"
_94903
830 0 _aCuadernos de estudios gallegos ;
_v15
_9183458
852 _aES-MaACL
_jC-29183
_bR.58455
999 _c36923
_d36923